Seminarios Complutenses de Derecho Romano / (Record no. 13479)

MARC details
000 -LEADER
campo de control de longitud fija 01127nam a2200241 i 4500
001 - NÚMERO DE CONTROL
campo de control 13479
003 - IDENTIFICADOR DE NÚMERO DE CONTROL
campo de control ES-MaACL
005 - FECHA Y HORA DE LA ÚLTIMA TRANSACCIÓN
campo de control 20251220174346.0
007 - CAMPO FIJO DE DESCRIPCIÓN FÍSICA--INFORMACIÓN GENERAL
campo de control de longitud fija t|
008 - DATOS DE LONGITUD FIJA--INFORMACIÓN GENERAL
campo de control de longitud fija 980416m19901996sp ||||1| spa d
020 ## - NÚMERO INTERNACIONAL ESTÁNDAR DEL LIBRO
Número Internacional Estándar del Libro 84-600-7464-3
080 ## - NÚMERO DE LA CLASIFICACIÓN DECIMAL UNIVERSAL
Número de la Clasificación Decimal Universal 34(37)
111 0# - ENTRADA PRINCIPAL--NOMBRE DE CONGRESO/REUNIÓN
Nombre de congreso/reunión o jurisdicción como elemento de entrada Seminarios Complutenses de Derecho Romano
Sede del congreso/Lugar de la reunión (Madrid)
9 (RLIN) 1062
245 10 - MENCIÓN DEL TÍTULO
Título Seminarios Complutenses de Derecho Romano /
Mención de responsabilidad, etc. [Coordinador de los Seminarios Javier Paricio].
260 ## - PUBLICACIÓN, DISTRIBUCIÓN, ETC.
Lugar de publicación, distribución, etc. Madrid :
Nombre del editor, distribuidor, etc. Fundación Seminario de Derecho Romano "Ursicino Alvárez",
Fecha de publicación, distribución, etc. 1990-1997.
300 ## - DESCRIPCIÓN FÍSICA
Extensión 9 v. ;
Dimensiones 24 cm.
505 8# - NOTA DE CONTENIDO CON FORMATO
Nota de contenido con formato I.(Abril-junio 1989) : Cuestiones de Jurisprudencia y proceso -- II.(Marzo-Mayo 1990) : Cuestiones de Derecho público romano -- III. (Febrero-Mayo 1991) -- IV. (1992) En el centenario de la muerte de Rudolf von Ihering -- V. (1993) -- VI. (1994) -- VII. (1995) -- VIII. (1996) -- Suplemento 1994-95
650 17 - PUNTO DE ACCESO ADICIONAL DE MATERIA--TÉRMINO DE MATERIA
Término de materia o nombre geográfico como elemento de entrada Derecho romano
Fuente del encabezamiento o término embne
9 (RLIN) 11764
700 1# - ENTRADA AGREGADA--NOMBRE PERSONAL
Nombre de persona Paricio, Javier.
9 (RLIN) 89121
710 2# - ENTRADA AGREGADA--NOMBRE DE ENTIDAD CORPORATIVA
Nombre de entidad corporativa o nombre de jurisdicción como elemento de entrada Fundación Seminario de Derecho Romano "Ursicino Alvárez"
9 (RLIN) 4418
852 ## - LOCALIZACIÓN
Ubicación ES-MaACL
Número de control de estantería P-1944
Sublocalización o colección R.126335
Holdings
Estatus retirado Estado de pérdida Estado de daño No para préstamo Biblioteca de origen Biblioteca actual Ubicación en estantería Fecha de adquisición Fuente de adquisición Total de préstamos Signatura topográfica completa Código de barras Visto por última vez Precio de reemplazo Tipo de ítem Koha
        Biblioteca del Ateneo de Madrid Biblioteca del Ateneo de Madrid Depósito 2 17/01/2008     P-1944 1013722 23/02/2023 23/02/2023 Libro impreso